Indian economy and Society in the Era of Globalisation and Libralisation (Record no. 1394)

MARC details
000 -LEADER
fixed length control field 00504nam a22001697a 4500
005 - DATE AND TIME OF LATEST TRANSACTION
control field 20180226165459.0
008 - FIXED-LENGTH DATA ELEMENTS--GENERAL INFORMATION
fixed length control field 160523b xxu||||| |||| 00| 0 eng d
020 ## - INTERNATIONAL STANDARD BOOK NUMBER
ISBN 817788420-2
041 ## - LANGUAGE CODE
Language code of text/sound track or separate title eng
082 ## - DEWEY DECIMAL CLASSIFICATION NUMBER
Item number 4144
Classification number 330.954
100 ## - MAIN ENTRY--AUTHOR NAME
Personal name Rao Hanumantha / C.H. Bhalta charge / B.B. Siddhar Hans/N.S.
245 ## - TITLE STATEMENT
Title Indian economy and Society in the Era of Globalisation and Libralisation
260 ## - PUBLICATION, DISTRIBUTION, ETC. (IMPRINT)
Place of publication New Delhi
Name of publisher Academic Faundation
300 ## - PHYSICAL DESCRIPTION
Number of Pages 421
650 ## - SUBJECT ADDED ENTRY--TOPICAL TERM
Topical Term Management
942 ## - ADDED ENTRY ELEMENTS (KOHA)
Koha item type Books
Holdings
Lost status Damaged status Collection code Home library Current library Shelving location Date acquired Cost, normal purchase price Full call number Accession Number Koha item type
    Reference JRU Library   SHELF-28-C 23/05/2016 795.00 330.954 4144 Books
      JRU Library   SHELF- 69 E 23/05/2016 795.00 330.954 4145 Books
      JRU Library   SHELF- 69 E 23/05/2016 795.00 330.954 4146 Books